[Event "Cannes Martinez op"]
[Site "Cannes"]
[Date "1996.??.??"]
[Round "5"]
[White "Durig, C."]
[Black "Bernard, Christophe"]
[Result "0-1"]
[WhiteElo "1930"]
[BlackElo "2370"]
[PlyCount "62"]
[EventDate "1996.08.??"]
[EventType "swiss"]
[EventRounds "9"]
[EventCountry "FRA"]
[SourceTitle "EXT 1998"]
[Source "ChessBase"]
[SourceDate "1997.11.17"]
[SourceVersion "1"]
[SourceVersionDate "1997.11.17"]
[SourceQuality "1"]

1. e4 c5 2. Nf3 d6 3. d4 cxd4 4. Nxd4 Nf6 5. Nc3 Nc6 6. Bc4 e6 7. Be3 Qc7 8. Bb3 a6 9. Qe2 Be7 10. 0-0-0 0-0 11. g4 Nd7 12. g5 Nc5 13. Qh5 b5 14. Rhg1 b4 15. Nce2 Nxd4 16. Nxd4 Bb7 17. f3 Rfc8 18. Rg3 Nxb3+ 19. axb3 g6 20. Qh6 Bf8 21. Qh4 e5 22. Rh3 f6 23. Rd2 exd4 24. Bxd4 fxg5 25. Qxg5 Qe7 26. Bf6 Qe6 27. Qh4 Rc7 28. Rg2 Rac8 29. Kb1 Bc6 30. Rxg6+ hxg6 31. Qg5 Qxh3 0-1